[Event "DRUGA LIGA CENTRALNE SRBIJE 2012 - Istok"]
[Site "Pozarevac, Hotel DUNAV"]
[Date "2012.09.15"]
[Round "2.11"]
[White "Raicevic, Ivica"]
[Black "Nikolic, Stanimir"]
[Result "1/2-1/2"]
[WhiteElo "2274"]
[BlackElo "2263"]
[PlyCount "0"]
[EventDate "2012.09.14"]

1.c4 c5 2.g3 Nc6 3.Nc3 g6 4.Bg2 Bg7 5.a3 e6 6.Rb1 Nge7 7.b4 d6
8.e3 O-O 9.Nge2 Nf5 10.O-O Qe7 11.Qc2 h5 12.Ne4 Rd8 13.Bb2 Ne5
14.d4 cxd4 15.Nxd4 Bd7 16.c5 Rac8 17.Qb3 d5 18.Nxf5 gxf5 19.Nd6
Rc7 20.f4 Ng4 21.Bd4 Kh7 22.Bxg7 Kxg7 23.h3 Nf6 24.Qb2 Kg6 25.Qe5
Ba4 26.Rbc1 a6 27.Bf3 Rg8 28.Rf2 Kh7 29.Rg2 Rd8 30.g4 Rxd6 31.cxd6 1/2-1/2

[Event "DRUGA LIGA CENTRALNE SRBIJE 2012 - Istok"]
[Site "Pozarevac, Hotel DUNAV"]
[Date "2012.09.15"]
[Round "2.13"]
[White "Markovic, Marko"]
[Black "Rajkovic, Ljubisa"]
[Result "1/2-1/2"]
[WhiteElo "2292"]
[BlackElo "2167"]
[PlyCount "0"]
[EventDate "2012.09.14"]

1.e4 c6 2.d4 d5 3.f3 dxe4 4.fxe4 e5 5.Nf3 exd4 6.Bc4 Be6 7.Bxe6
fxe6 8.O-O e5 9.Nxe5 Nf6 10.Bg5 Nbd7 11.Nd3 Be7 12.Nf4 Qa5 13.Ne6
Kf7 1/2-1/2

[Event "DRUGA LIGA CENTRALNE SRBIJE 2012 - Istok"]
[Site "Pozarevac, Hotel DUNAV"]
[Date "2012.09.15"]
[Round "2.14"]
[White "Arsenijevic, Ivan *"]
[Black "Trifunovic, Miroljub"]
[Result "0-1"]
[WhiteElo "2148"]
[BlackElo "2258"]
[PlyCount "0"]
[EventDate "2012.09.14"]

1.d4 Nf6 2.Nf3 e6 3.c4 Bb4+ 4.Nbd2 a5 5.a3 Be7 6.e4 d5 7.e5 Ne4
8.Nxe4 dxe4 9.Ng1 Nc6 10.Be3 f6 11.Qg4 fxe5 12.dxe5 Nxe5 13.Qxe4
Bf6 14.Rd1 Qe7 15.Bd4 Nc6 16.Bxf6 Qxf6 17.Rd2 O-O 18.Bd3 g6 19.Nf3
e5 20.O-O Bf5 21.Qe3 Rad8 22.Bxf5 gxf5 23.Rfd1 Rxd2 24.Rxd2 e4
25.Ne1 Ne5 26.Qd4 Kh8 27.h3 Rf7 28.Qc3 b6 29.c5 Ng6 30.Qc4 Rg7
31.cxb6 cxb6 32.Qd4 Qxd4 33.Rxd4 Rc7 34.Rd1 Kg7 35.Kf1 Kf6 36.g3
Ne5 37.Ke2 0-1

[Event "DRUGA LIGA CENTRALNE SRBIJE 2012 - Istok"]
[Site "Pozarevac, Hotel DUNAV"]
[Date "2012.09.15"]
[Round "2.15"]
[White "Zafirovski, Mite"]
[Black "Rajkovic, Aleksandar"]
[Result "1-0"]
[WhiteElo "2247"]
[BlackElo "2127"]
[PlyCount "0"]
[EventDate "2012.09.14"]

1.d4 d6 2.Nf3 Nf6 3.c4 g6 4.g3 Bg7 5.Bg2 c5 6.d5 b5 7.cxb5 Qa5+
8.Nfd2 Qxb5 9.Nc3 Qb6 10.O-O O-O 11.Rb1 Ba6 12.Qc2 Nbd7 13.Nf3
Rab8 14.b3 Bb7 15.Nd2 a6 16.Nc4 Qc7 17.e4 Nb6 18.Ne3 Rfe8 19.Bd2
e6 20.Rfd1 exd5 21.Ncxd5 Nbxd5 22.exd5 Nd7 23.Bc3 Bxc3 24.Qxc3
h5 25.Nc4 Ne5 26.Re1 Nxc4 27.bxc4 Rxe1+ 28.Rxe1 Qd8 29.Bh3 Bc8
30.Bxc8 Rxc8 31.Re3 Rb8 32.h4 a5 33.Kg2 a4 34.Qc2 Qa5 35.Re7
a3 36.Re3 Rb2 37.Qe4 Qa8 38.Qe7 Qb8 39.Qd7 Kg7 40.Re7 Qf8 41.Re8
Qxe8 42.Qxe8 Rxa2 43.Qe3 Kg8 1-0

[Event "DRUGA LIGA CENTRALNE SRBIJE 2012 - Istok"]
[Site "Pozarevac, Hotel DUNAV"]
[Date "2012.09.15"]
[Round "2.16"]
[White "Njegic, Vladimir"]
[Black "Lazovic, Bozidar **"]
[Result "1-0"]
[WhiteElo "2103"]
[BlackElo "1810"]
[PlyCount "0"]
[EventDate "2012.09.14"]

1.e4 c5 2.Nc3 d6 3.g3 Nf6 4.Bg2 g6 5.Nge2 Bg7 6.O-O O-O 7.f4
Nc6 8.d3 Rb8 9.h3 Bd7 10.g4 b5 11.Ng3 e6 12.f5 Ne8 13.Nce2 exf5
14.exf5 gxf5 15.Nxf5 Bxf5 16.Rxf5 Nd4 17.Nxd4 Bxd4+ 18.Kh1 Ng7
19.Rf1 b4 20.a3 Qh4 21.axb4 cxb4 22.Bf4 Rbd8 23.Qd2 Ne6 24.Be3
Rfe8 25.Bxd4 Nxd4 26.Qf4 Nxc2 27.Qxf7+ Kh8 28.Rxa7 Re2 29.Qg7# 1-0

[Event "DRUGA LIGA CENTRALNE SRBIJE 2012 - Istok"]
[Site "Pozarevac, Hotel DUNAV"]
[Date "2012.09.15"]
[Round "2.17"]
[White "Turudic, Nenad"]
[Black "Kostic, Tomislav **"]
[Result "1-0"]
[WhiteElo "2201"]
[BlackElo "1876"]
[PlyCount "0"]
[EventDate "2012.09.14"]

1.e4 c5 2.Nf3 e6 3.d4 cxd4 4.Nxd4 a6 5.Nc3 b5 6.Bd3 Qb6 7.Nb3
Qc7 8.O-O Nf6 9.f4 d6 10.Qf3 Bb7 11.Bd2 Be7 12.a3 Nbd7 13.Qg3
O-O 14.Rae1 Rfe8 15.e5 Nd5 16.Kh1 N7b6 17.exd6 Bxd6 18.Ne4 Be7
19.Qh3 g6 20.Ng5 Bxg5 21.fxg5 e5 22.Na5 Bc8 23.Qh4 Na4 24.c4
Nc5 25.Be4 Nxe4 26.Qxe4 Nb6 27.c5 Nc4 28.Nxc4 Bb7 29.Ba5 Qb8
30.c6 bxc4 31.cxb7 Ra7 32.Qxc4 Rxb7 33.Bc3 Rc7 34.Qxa6 Re6 35.Qa5
e4 36.Qd5 Rce7 37.Qd4 1-0

[Event "DRUGA LIGA CENTRALNE SRBIJE 2012 - Istok"]
[Site "Pozarevac, Hotel DUNAV"]
[Date "2012.09.15"]
[Round "2.18"]
[White "Milosevic, Jovana **"]
[Black "Popovic, Branislav **"]
[Result "1/2-1/2"]
[WhiteElo "1787"]
[BlackElo "1789"]
[PlyCount "0"]
[EventDate "2012.09.14"]

1.b3 e6 2.Bb2 Nf6 3.Nf3 d5 4.e3 Nbd7 5.Be2 Be7 6.O-O O-O 7.c4
dxc4 8.bxc4 c5 9.d4 Qc7 10.Nc3 a6 11.Qc2 Rd8 12.Rfd1 Nb6 13.Qb3
Bd7 14.Ne5 cxd4 15.exd4 Bc6 16.a4 Nbd7 17.Nxc6 bxc6 18.Qc2 c5
19.d5 exd5 20.Nxd5 Nxd5 21.Rxd5 Bf6 22.Rad1 Bxb2 23.Qxb2 Nf6
24.Rxd8+ Rxd8 25.Rb1 Qe7 26.Bf3 h6 27.Qb6 Rd6 28.Qb8+ Ne8 29.h3
Kh7 30.Rb7 Rd7 31.Rb6 Rd6 32.a5 Rd8 33.Be4+ Kg8 34.Qb7 Rd7 35.Qc6
Rd6 36.Qa8 Rd8 37.Qc6 Rd6 1/2-1/2

[Event "DRUGA LIGA CENTRALNE SRBIJE 2012 - Istok"]
[Site "Pozarevac, Hotel DUNAV"]
[Date "2012.09.15"]
[Round "2.21"]
[White "Livaja, Mario"]
[Black "Delchev, Aleksander"]
[Result "0-1"]
[WhiteElo "2238"]
[BlackElo "2596"]
[PlyCount "0"]
[EventDate "2012.09.14"]

1.d4 e6 2.Nf3 c5 3.e3 Nf6 4.Bd3 b6 5.O-O Bb7 6.c4 Be7 7.Nc3 a6
8.b3 cxd4 9.exd4 d5 10.Bb2 O-O 11.Qe2 Nc6 12.Rad1 Re8 13.Bb1
Rc8 14.cxd5 exd5 15.Ne5 Bb4 16.Qe3 Ne7 17.a3 Bd6 18.Qf3 Ng6 19.Nxg6
hxg6 20.Rfe1 Rc7 21.Rxe8+ Qxe8 22.h3 Re7 23.Bd3 Ne4 24.Bxe4 dxe4
25.Qe3 f5 26.Ne2 Bd5 27.Rc1 Rc7 28.Rxc7 Bxc7 29.Qc3 Qf7 30.b4
Bc4 31.Ng3 e3 32.Bc1 b5 33.Nf1 f4 0-1

[Event "DRUGA LIGA CENTRALNE SRBIJE 2012 - Istok"]
[Site "Pozarevac, Hotel DUNAV"]
[Date "2012.09.15"]
[Round "2.22"]
[White "Trickovic, Borivoje"]
[Black "Petrovic, Dragan R"]
[Result "0-1"]
[WhiteElo "2240"]
[BlackElo "2197"]
[PlyCount "0"]
[EventDate "2012.09.14"]

1.Nf3 d6 2.g3 g6 3.Bg2 Bg7 4.c4 Nf6 5.Nc3 O-O 6.O-O e5 7.d4 Qe7
8.h3 c6 9.e4 Nbd7 10.Re1 Re8 11.d5 c5 12.Bd2 Rf8 13.Qc2 Ne8 14.Re2
f5 15.exf5 gxf5 16.Ng5 Nb6 17.b3 Nc7 18.Rae1 Bf6 19.Nf3 Qg7 20.a4
e4 21.Nh2 Nd7 22.Kh1 Ne5 23.Rg1 Kh8 24.g4 Rg8 25.g5 Be7 26.f4
exf3 27.Nxf3 Bd7 28.Nd1 Rae8 29.h4 h6 30.Nxe5 dxe5 31.Bh3 Bd6
32.Bxf5 Ref8 33.Be4 h5 34.Qd3 Na6 35.g6 Bg4 36.Reg2 Nb4 37.Qe3
Rf4 38.Nf2 Bc8 39.Rg5 Rxh4+ 40.Kg2 0-1

[Event "DRUGA LIGA CENTRALNE SRBIJE 2012 - Istok"]
[Site "Pozarevac, Hotel DUNAV"]
[Date "2012.09.15"]
[Round "2.23"]
[White "Cvetanovic, Uros **"]
[Black "Mincic, Srbislav"]
[Result "0-1"]
[WhiteElo "2229"]
[BlackElo "2269"]
[PlyCount "0"]
[EventDate "2012.09.14"]

1.e4 e5 2.Nc3 Nf6 3.Bc4 Nc6 4.d3 Na5 5.f4 Nxc4 6.dxc4 d6 7.fxe5
Ng4 8.Nf3 Be6 9.Bg5 Qd7 10.h3 Nxe5 11.Nxe5 dxe5 12.Qxd7+ Kxd7
13.O-O-O+ Kc6 14.Nd5 f6 15.Be3 b6 16.b3 Kb7 17.Kb2 c6 18.Nc3
Be7 19.c5 b5 20.a4 a6 21.axb5 axb5 22.Na2 Rhd8 23.Nb4 Bd7 24.Rd3
Be8 25.Re1 Bg6 26.Bf2 h6 27.Kc3 Rxd3+ 28.cxd3 Bf7 29.Nc2 Ra2
30.Rg1 b4+ 31.Nxb4 Rxf2 32.Ra1 Be6 33.h4 f5 34.exf5 Bxf5 35.h5 0-1

[Event "DRUGA LIGA CENTRALNE SRBIJE 2012 - Istok"]
[Site "Pozarevac, Hotel DUNAV"]
[Date "2012.09.15"]
[Round "2.24"]
[White "Petrov, Georgi"]
[Black "Kraguljac, Pero"]
[Result "1-0"]
[WhiteElo "2190"]
[BlackElo "2133"]
[PlyCount "0"]
[EventDate "2012.09.14"]

1.Nf3 Nf6 2.c4 d6 3.d4 Nbd7 4.e3 g6 5.b3 Bg7 6.Bb2 O-O 7.Be2
e5 8.dxe5 Ng4 9.O-O Ndxe5 10.Nc3 Nxf3+ 11.Bxf3 Ne5 12.Be2 Re8
13.Qd2 Bd7 14.Rac1 Be6 15.Nd5 Nd7 16.Bxg7 Kxg7 17.Rfd1 a5 18.h3
Bxd5 19.Qxd5 Nc5 20.Bf3 Qf6 21.Qd4 Rad8 22.Rc3 Re5 23.Bd5 Rde8
24.a3 b6 25.b4 axb4 26.axb4 Na6 27.Bc6 Rf8 28.Rb3 Nb8 29.Bf3
Nd7 30.Ra3 Re7 31.Rda1 Ne5 32.Bd5 c6 33.Be4 c5 34.bxc5 bxc5 35.Qc3
Rd8 36.Qb3 1-0

[Event "DRUGA LIGA CENTRALNE SRBIJE 2012 - Istok"]
[Site "Pozarevac, Hotel DUNAV"]
[Date "2012.09.15"]
[Round "2.25"]
[White "Colic, Nikola"]
[Black "Dimitrijevic, Dusan *"]
[Result "1-0"]
[WhiteElo "2210"]
[BlackElo "1984"]
[PlyCount "0"]
[EventDate "2012.09.14"]

1.d4 e6 2.e4 d5 3.Nc3 dxe4 4.Nxe4 Nd7 5.Nf3 Ngf6 6.Nxf6+ Nxf6
7.Bd3 c5 8.O-O Bd7 9.dxc5 Bxc5 10.Ne5 Qb6 11.Bg5 Bc6 12.Qe2 a6
13.Rae1 Qc7 14.Bf4 Qc8 15.c3 O-O 16.Bg5 Be7 17.Ng4 Qd8 18.Rd1
Nd5 19.Qe4 g6 20.Bh6 Re8 21.Bb1 Qc7 22.Qd4 Bf8 23.Bxf8 e5 24.Qc5
b6 25.Qd6 Qb7 26.Rxd5 Rxf8 27.Qxe5 f6 28.Qe6+ Kg7 29.Rd2 Rae8
30.Qd6 Bxg2 31.Qd7+ Rf7 32.Qxb7 Bxb7 33.Ne3 b5 34.Nc2 Rfe7 35.Nd4
Re1 36.Rd1 R1e5 37.f3 g5 38.Kf2 h5 39.h3 Bxf3 40.Kxf3 Re3+ 41.Kg2
Kf7 42.Rf2 h4 43.Rf3 R3e7 1-0

[Event "DRUGA LIGA CENTRALNE SRBIJE 2012 - Istok"]
[Site "Pozarevac, Hotel DUNAV"]
[Date "2012.09.15"]
[Round "2.26"]
[White "Kostic, Aleksandar *"]
[Black "Arandjelovic, Aleksandar Z"]
[Result "1/2-1/2"]
[WhiteElo "1981"]
[BlackElo "1962"]
[PlyCount "0"]
[EventDate "2012.09.14"]

1.e4 c5 2.Nc3 Nc6 3.g3 g6 4.Bg2 Bg7 5.d3 d6 6.Nge2 Nf6 7.O-O
O-O 8.h3 Bd7 9.Be3 Re8 10.f4 e6 11.Nb5 Qb8 12.e5 dxe5 13.Bxc5
Bf8 14.Bxf8 Rxf8 15.Qd2 Ne7 16.Na3 exf4 17.Nxf4 Qc7 18.Nc4 Nf5
19.Ne2 Qc5+ 20.Kh2 Nd5 21.Ne5 Qd6 22.Ng4 h5 23.Nh6+ Kh7 24.Nxf5
exf5 25.c4 Nc7 26.Bxb7 Rab8 27.Bg2 Rfe8 28.b3 Ne6 29.d4 Nc5 30.Qf4
Qf6 31.dxc5 Rxe2 32.Kg1 Rbe8 33.Rad1 Bc6 34.Qd6 f4 1/2-1/2

[Event "DRUGA LIGA CENTRALNE SRBIJE 2012 - Istok"]
[Site "Pozarevac, Hotel DUNAV"]
[Date "2012.09.15"]
[Round "2.27"]
[White "Majstorovic, Dusan"]
[Black "Pejic-Randjelovic , Dragana *"]
[Result "0-1"]
[WhiteElo "2039"]
[BlackElo "2044"]
[PlyCount "0"]
[EventDate "2012.09.14"]

1.e4 c5 2.Nc3 e6 3.g3 Nc6 4.Bg2 g6 5.d3 Bg7 6.f4 Nge7 7.Nf3 Nd4
8.O-O Nec6 9.Ne2 b5 10.Nfxd4 Nxd4 11.e5 Rb8 12.Be3 Nxe2+ 13.Qxe2
Qc7 14.Qf2 Bf8 15.d4 cxd4 16.Bxd4 h6 17.Bxa7 Rb7 18.Bxb7 Bxb7
19.Qb6 Qc8 20.a4 b4 21.c3 b3 22.Rad1 h5 23.h4 Be7 24.Rd2 O-O
25.Rfd1 Bd8 26.Qc5 Bc6 27.a5 Qa8 28.Bb6 Bxb6 29.axb6 Qb7 30.Qb4
Rb8 31.Qxb3 0-1

[Event "DRUGA LIGA CENTRALNE SRBIJE 2012 - Istok"]
[Site "Pozarevac, Hotel DUNAV"]
[Date "2012.09.15"]
[Round "2.28"]
[White "Kostic, Stefan **"]
[Black "Todorovic, Nenad I **"]
[Result "0-1"]
[WhiteElo "1972"]
[BlackElo "2061"]
[PlyCount "0"]
[EventDate "2012.09.14"]

1.e4 c5 2.f4 d5 3.exd5 Nf6 4.Bb5+ Nbd7 5.c4 a6 6.Ba4 b5 7.cxb5
Nxd5 8.Nc3 Nb4 9.d4 axb5 10.Bb3 Bb7 11.Nf3 c4 12.Bc2 Bxf3 13.gxf3
Nxc2+ 14.Qxc2 Qb6 15.Be3 e6 16.Kf2 Nf6 17.Rae1 Qc6 18.f5 Bb4
19.fxe6 fxe6 20.Qe2 O-O 21.Bg5 h6 22.Bd2 Rae8 23.Rhg1 Kh7 24.a3
Ba5 25.Bc1 Nd5 26.Qe4+ Rf5 27.Rg2 Ref8 28.Reg1 R8f7 29.Rg6 Rxf3+
30.Ke1 R3f5 31.Rxe6 Qd7 32.Reg6 Re7 33.Rxg7+ Rxg7 34.Rf1 Re7 0-1

[Event "DRUGA LIGA CENTRALNE SRBIJE 2012 - Istok"]
[Site "Pozarevac, Hotel DUNAV"]
[Date "2012.09.15"]
[Round "2.31"]
[White "Devetak, Dusan"]
[Black "Radosavljevic, Slobodan D"]
[Result "1/2-1/2"]
[WhiteElo "2156"]
[BlackElo "2194"]
[PlyCount "0"]
[EventDate "2012.09.14"]

1.e4 c5 2.Nf3 g6 3.d4 cxd4 4.Nxd4 Bg7 5.Be3 Nc6 6.Nc3 Nf6 7.Bc4
O-O 8.f3 Qb6 9.Qd2 Nxe4 10.Nxc6 Nxd2 11.Nxe7+ Kh8 12.Bxb6 Nxc4
13.Bf2 d6 14.O-O-O Be6 15.Bd4 Rfe8 16.Bxg7+ Kxg7 17.Ncd5 Rec8
18.Rhe1 Rc6 1/2-1/2

[Event "DRUGA LIGA CENTRALNE SRBIJE 2012 - Istok"]
[Site "Pozarevac, Hotel DUNAV"]
[Date "2012.09.15"]
[Round "2.32"]
[White "Komnenic, Branko"]
[Black "Dodic, Dragan"]
[Result "1/2-1/2"]
[WhiteElo "2295"]
[BlackElo "2140"]
[PlyCount "0"]
[EventDate "2012.09.14"]

1.d4 d5 2.Bf4 Bf5 3.c4 c6 4.Nc3 e6 5.Qb3 Qb6 6.c5 Qxb3 7.axb3
Nd7 8.b4 f6 9.Nf3 g5 10.Bg3 h5 11.h3 Bg7 12.e3 Ne7 13.b5 g4 14.hxg4
hxg4 15.Rxh8+ Bxh8 16.Nd2 e5 17.Nb3 Be6 18.Na5 Rb8 19.O-O-O Bg7
20.b4 Nf8 21.bxc6 bxc6 22.b5 cxb5 23.Bxb5+ Kf7 24.Nc6 Rxb5 25.Nxe7
Rb3 26.Nexd5 exd4 27.exd4 1/2-1/2

[Event "DRUGA LIGA CENTRALNE SRBIJE 2012 - Istok"]
[Site "Pozarevac, Hotel DUNAV"]
[Date "2012.09.15"]
[Round "2.33"]
[White "Vlajic, Sasa"]
[Black "Popovic, Djordje D"]
[Result "1/2-1/2"]
[WhiteElo "2170"]
[BlackElo "2221"]
[PlyCount "0"]
[EventDate "2012.09.14"]

1.Nf3 c5 2.g3 b6 3.Bg2 Bb7 4.c4 Nf6 5.O-O e6 6.Nc3 Be7 7.d4 cxd4
8.Qxd4 d6 9.b3 Nbd7 10.Bb2 a6 11.Rfd1 Qc7 12.Rac1 O-O 13.Ba3
Nc5 14.b4 Nfe4 15.Nxe4 Bxe4 16.Bb2 1/2-1/2

[Event "DRUGA LIGA CENTRALNE SRBIJE 2012 - Istok"]
[Site "Pozarevac, Hotel DUNAV"]
[Date "2012.09.15"]
[Round "2.34"]
[White "Illijin, Neboisa"]
[Black "Tosic, Branislav"]
[Result "1/2-1/2"]
[WhiteElo "2168"]
[BlackElo "2254"]
[PlyCount "0"]
[EventDate "2012.09.14"]

1.e4 Nf6 2.e5 Nd5 3.d4 d6 4.Nf3 Bg4 5.Be2 e6 6.O-O Be7 7.c4 Nb6
8.exd6 cxd6 9.Be3 O-O 10.Nbd2 N8d7 11.Rc1 Rc8 12.b3 Re8 13.h3
Bf5 14.Ne1 e5 15.Bg4 Bg6 16.dxe5 dxe5 17.Bxb6 axb6 18.Nb1 f5
19.Bh5 Nf6 20.Bxg6 hxg6 21.Nf3 Qxd1 22.Rcxd1 Bc5 23.Nh4 Kf7 24.Nc3
e4 25.Nd5 Rcd8 26.b4 Bf8 27.Nxb6 Bxb4 28.g3 Bc5 29.Na4 Bd4 30.Ng2
Rd7 31.c5 Red8 32.Rb1 Nd5 33.Rfd1 Ne7 34.Kf1 Be5 35.Rxd7 Rxd7
36.Ne3 Nc6 37.Nb6 Rd8 38.Nbc4 Rd7 39.Rb6 Bb8 40.a4 Ke7 41.a5
Ba7 42.Rb5 Ke6 43.Nb6 Nd4 44.Rb2 Rd8 45.Rd2 Nc6 46.Rxd8 Nxd8
47.Nec4 1/2-1/2

[Event "DRUGA LIGA CENTRALNE SRBIJE 2012 - Istok"]
[Site "Pozarevac, Hotel DUNAV"]
[Date "2012.09.15"]
[Round "2.35"]
[White "Floricelovic, Milos *"]
[Black "Stefanovic, Vladimir"]
[Result "0-1"]
[WhiteElo "2042"]
[BlackElo "2162"]
[PlyCount "0"]
[EventDate "2012.09.14"]

1.e4 c5 2.Nf3 Nc6 3.d4 cxd4 4.Nxd4 g6 5.Nc3 Bg7 6.Be3 Nf6 7.f3
O-O 8.Bc4 Qb6 9.Bb3 Ng4 10.Nd5 Nxe3 11.Nxb6 Nxd1 12.Nxc6 dxc6
13.Nxa8 Nxb2 14.Rb1 Bc3+ 15.Ke2 Bd7 16.Nc7 Rc8 17.Nd5 cxd5 18.exd5
a5 19.a4 b5 20.axb5 Bxb5+ 21.Ke3 Nc4+ 22.Kf2 Na3 23.Rbd1 a4 24.Ba2
Nxc2 25.d6 Bd4+ 26.Kg3 Be5+ 27.f4 Bxd6 28.Bd5 Rc3+ 29.Kh4 Ne3 0-1

[Event "DRUGA LIGA CENTRALNE SRBIJE 2012 - Istok"]
[Site "Pozarevac, Hotel DUNAV"]
[Date "2012.09.15"]
[Round "2.36"]
[White "Ivic, Matija **"]
[Black "Vukas, Radenko"]
[Result "1-0"]
[WhiteElo "1877"]
[BlackElo "2164"]
[PlyCount "0"]
[EventDate "2012.09.14"]

1.c4 e6 2.Nf3 d5 3.g3 c6 4.Qc2 Nf6 5.Bg2 Bd6 6.O-O e5 7.d3 O-O
8.cxd5 cxd5 9.Nc3 Nc6 10.Bg5 Be6 11.Nd2 Rc8 12.Bxf6 gxf6 13.Bxd5
Nb4 14.Qb3 Rxc3 15.bxc3 Bxd5 16.c4 Bc6 17.Rfc1 Qa5 18.Qc3 Bc7
19.Nb3 Qa3 20.Qd2 Kg7 21.Rc3 Na6 22.Nd4 Qxc3 23.Qxc3 exd4 24.Qxd4
h5 25.Qh4 Kg6 1-0

[Event "DRUGA LIGA CENTRALNE SRBIJE 2012 - Istok"]
[Site "Pozarevac, Hotel DUNAV"]
[Date "2012.09.15"]
[Round "2.38"]
[White "Ljuboja, Ognjen **"]
[Black "Milutinovic, Stefana **"]
[Result "0-1"]
[WhiteElo "1789"]
[BlackElo "1981"]
[PlyCount "0"]
[EventDate "2012.09.14"]

1.e4 c5 2.Nf3 d6 3.d4 cxd4 4.Nxd4 Nf6 5.Nc3 a6 6.Be2 e5 7.Nb3
Be7 8.Be3 Be6 9.O-O Nbd7 10.f4 Qc7 11.Qe1 O-O 12.f5 Bc4 13.Bg5
b5 14.Rc1 Rfe8 15.Kh1 b4 16.Bxc4 Qxc4 17.Nd2 Qc6 18.Nd1 Nc5 19.Nf2
Rab8 20.Qe3 h6 21.Bxf6 Bxf6 22.Nf3 Rbd8 23.Rcd1 d5 24.exd5 Rxd5
25.Rxd5 Qxd5 26.Ng4 Nd7 27.Qd2 Qxd2 28.Nxd2 Rc8 29.Ne3 Nb6 30.Ne4
Rc6 31.Nxf6+ Rxf6 32.Rd1 Rc6 33.Rd2 Nc4 34.Nxc4 Rxc4 35.g3 Kf8
36.Kg2 Ke7 37.Kf3 Kf6 38.Rd6+ Kxf5 39.Rxa6 Rxc2 40.g4+ Kg5 41.Kg3
f6 42.h4+ Kg6 43.b3 Rc3+ 44.Kg2 h5 45.gxh5+ Kxh5 46.Ra4 f5 47.Rxb4
Rc2+ 48.Kg3 Rxa2 49.Rb5 Rb2 50.Rb7 f4+ 51.Kf3 Kxh4 52.Rxg7 Rxb3+
53.Kf2 e4 54.Rg8 Rf3+ 55.Ke2 Rg3 56.Rh8+ Kg4 57.Rg8+ Kh3 58.Rh8+
Kg2 59.Rf8 f3+ 60.Ke3 f2+ 61.Ke2 e3 62.Rxf2+ Kg1 0-1

[Event "DRUGA LIGA CENTRALNE SRBIJE 2012 - Istok"]
[Site "Pozarevac, Hotel DUNAV"]
[Date "2012.09.15"]
[Round "2.41"]
[White "Garic, Radomir"]
[Black "Mitic, Dragan"]
[Result "1-0"]
[WhiteElo "2251"]
[BlackElo "2151"]
[PlyCount "0"]
[EventDate "2012.09.14"]

1.e4 c5 2.Nf3 Nc6 3.Bb5 Qb6 4.Nc3 Nd4 5.Bc4 e6 6.O-O Be7 7.d3
a6 8.Nxd4 cxd4 9.Ne2 d6 10.c3 dxc3 11.Nxc3 Nf6 12.Bb3 Bd7 13.Be3
Qd8 14.d4 Bc6 15.d5 exd5 16.Bxd5 Nxd5 17.Nxd5 O-O 18.Qb3 Re8
19.Rad1 Bf8 20.f3 Re5 21.Rf2 Qa5 22.Rfd2 Bxd5 23.Rxd5 Rxd5 24.Qxd5
Qxd5 25.Rxd5 Rc8 26.Rd2 f6 27.Kf2 Kf7 28.Ke2 Ke6 29.Kd1 Rc6 30.Rd5
g6 31.g4 Be7 32.Kd2 Bd8 33.Kd3 Bb6 34.Bf4 Bf2 35.a4 g5 36.Bd2
Bg1 37.h4 h6 38.f4 gxh4 39.Rh5 Bf2 40.Rxh6 d5 41.e5 Kf7 42.exf6
Rxf6 43.Rh7+ Kg8 44.Rh5 Rf7 45.f5 Rh7 46.Rxh7 Kxh7 47.Bc3 h3 1-0

[Event "DRUGA LIGA CENTRALNE SRBIJE 2012 - Istok"]
[Site "Pozarevac, Hotel DUNAV"]
[Date "2012.09.15"]
[Round "2.42"]
[White "Todorovic, Zoran D"]
[Black "Djokic, Nebojsa"]
[Result "0-1"]
[WhiteElo "2087"]
[BlackElo "2159"]
[PlyCount "0"]
[EventDate "2012.09.14"]

1.d4 Nf6 2.c4 g6 3.Nc3 Bg7 4.Nf3 O-O 5.g3 d6 6.Bg2 Nc6 7.d5 Na5
8.Nd2 c5 9.O-O a6 10.Qc2 b5 11.cxb5 axb5 12.Nxb5 Rb8 13.Nc3 Ba6
14.Re1 e5 15.Bf1 Nh5 16.Nde4 h6 17.g4 Nf4 18.Ng3 Qh4 19.f3 Rb4
20.b3 f5 21.gxf5 gxf5 22.e4 Bxf1 23.Rxf1 Nh3+ 24.Kh1 fxe4 25.Ncxe4
Qd8 26.Bd2 Rb8 27.Nh5 Rf5 28.Nxg7 Kxg7 29.Ng3 Rf7 30.Nh5+ Kh8
31.Qg6 Qf8 32.Bxh6 Qe7 33.Ng3 Rh7 34.Nf5 Qf7 35.Qxd6 Re8 36.Ng3
Rg8 37.Be3 Rg6 0-1

[Event "DRUGA LIGA CENTRALNE SRBIJE 2012 - Istok"]
[Site "Pozarevac, Hotel DUNAV"]
[Date "2012.09.15"]
[Round "2.43"]
[White "Djukic, Slobodan D"]
[Black "Rasic, Jovan **"]
[Result "1/2-1/2"]
[WhiteElo "2187"]
[BlackElo "1982"]
[PlyCount "0"]
[EventDate "2012.09.14"]

1.e4 g6 2.d4 Bg7 3.c4 c5 4.d5 d6 5.Nc3 Nd7 6.Be2 Ngf6 7.Nf3 O-O
8.h3 Ne8 9.Be3 b5 10.cxb5 a6 11.O-O axb5 12.Bxb5 Ba6 13.Bxa6
Rxa6 14.Qc2 Qa8 15.a3 Nc7 16.Nd2 Rb8 17.Rab1 Nb5 18.Nxb5 Rxb5
19.b4 Rxa3 20.bxc5 Rc3 21.Qxc3 Rxb1 22.Qc4 Rxf1+ 23.Qxf1 dxc5
24.Qb5 Qa7 25.Qc6 Bd4 26.Bh6 Bg7 27.Qc8+ Nf8 28.Bf4 Qa1+ 29.Nf1
Qd4 30.Be3 Qxe4 31.Qxc5 h6 32.Nd2 Qe5 33.Nc4 Qf6 34.Qc6 Kh7 35.Qe8
g5 36.Nb6 Ng6 37.Nd7 Qf5 38.Nb6 Be5 39.g3 Qf3 40.Nc4 Nh4 41.gxh4
Qd1+ 42.Kg2 Qxd5+ 43.Kg1 Qd1+ 44.Kg2 Qd5+ 45.f3 Qxc4 46.Qxe7
Qa2+ 47.Bf2 1/2-1/2

[Event "DRUGA LIGA CENTRALNE SRBIJE 2012 - Istok"]
[Site "Pozarevac, Hotel DUNAV"]
[Date "2012.09.15"]
[Round "2.44"]
[White "Simic, Vladica"]
[Black "Ilic, Aleksandar"]
[Result "0-1"]
[WhiteElo "2098"]
[BlackElo "2110"]
[PlyCount "0"]
[EventDate "2012.09.14"]

1.c4 Nf6 2.Nf3 e6 3.g3 b6 4.Bg2 Bb7 5.O-O Be7 6.b3 d6 7.Bb2 Nbd7
8.Nc3 O-O 9.d4 Ne4 10.Nd2 Nxc3 11.Bxc3 Bxg2 12.Kxg2 f5 13.f4
Nf6 14.Qc2 Qe8 15.Qd3 Qg6 16.Rae1 d5 17.Nf3 Bd6 18.Ne5 Qh5 19.Qf3
Qe8 20.Rc1 Ne4 21.Nd3 Ba3 22.Rc2 dxc4 23.bxc4 Qa4 24.Ne1 Rad8
25.Ba1 Bb4 26.Qb3 Qxb3 27.axb3 Nd2 28.Rh1 Nxb3 29.Rb2 Bxe1 30.Rxb3
Ba5 31.Kf3 Rd7 32.e4 c5 33.d5 fxe4+ 34.Kxe4 exd5+ 35.cxd5 Re8+
36.Be5 Bb4 37.Rd1 a5 38.d6 c4 39.Rbb1 Rxd6 40.Rxd6 Bxd6 41.Rxb6
Bxe5 42.fxe5 Rc8 43.Rb2 c3 44.Rc2 Kf7 45.Kd3 Ke6 46.h3 0-1

[Event "DRUGA LIGA CENTRALNE SRBIJE 2012 - Istok"]
[Site "Pozarevac, Hotel DUNAV"]
[Date "2012.09.15"]
[Round "2.45"]
[White "Madjar, Stanislav"]
[Black "Mitrovic, Darko A"]
[Result "1/2-1/2"]
[WhiteElo "2169"]
[BlackElo "2132"]
[PlyCount "0"]
[EventDate "2012.09.14"]

1.c4 e5 2.g3 Nc6 3.Bg2 g6 4.Nc3 Bg7 5.e4 Nge7 6.Nge2 O-O 7.O-O
d6 8.d3 h6 9.Be3 Nd4 10.f4 f5 11.Qd2 Kh7 12.Rac1 c6 13.Kh1 Be6
14.Bg1 Qd7 15.Nxd4 exd4 16.Ne2 c5 17.b3 Rae8 18.Rce1 b5 19.Bf2
bxc4 20.dxc4 fxe4 21.Bxe4 d5 22.Bd3 Bh3 23.Ng1 Bxf1 24.Bxf1 Nf5
25.Nf3 Rxe1 26.Nxe1 dxc4 27.Bxc4 Qc6+ 28.Kg1 Ne3 29.Be2 Qe6 30.Nf3
Re8 31.Bd3 Qg4 32.Nh4 Re6 33.Qc1 Qd1+ 34.Qxd1 Nxd1 35.f5 Rf6
36.Nxg6 Ne3 37.Nf4 a5 38.Nh5 Kg8 39.Nxf6+ Bxf6 40.Bxe3 dxe3 41.Kg2
Bd4 42.Kf3 Kf7 43.h4 h5 44.g4 hxg4+ 45.Kxg4 Bg7 46.Kf4 Bd4 47.Ke4
Kf6 48.Kd5 e2 49.Bxe2 Kxf5 1/2-1/2

[Event "DRUGA LIGA CENTRALNE SRBIJE 2012 - Istok"]
[Site "Pozarevac, Hotel DUNAV"]
[Date "2012.09.15"]
[Round "2.47"]
[White "Jenic, Aleksandar **"]
[Black "Nikic, Dragan"]
[Result "1-0"]
[WhiteElo "1886"]
[BlackElo "1843"]
[PlyCount "0"]
[EventDate "2012.09.14"]

1.d4 Nf6 2.c4 e6 3.Nc3 Bb4 4.e3 Ne4 5.Bd2 Nxd2 6.Qxd2 d5 7.a3
Bxc3 8.Qxc3 dxc4 9.Nf3 Nc6 10.Bxc4 a6 11.d5 Ne7 12.dxe6 Bxe6
13.Bxe6 fxe6 14.Rd1 Nd5 15.Qxg7 Qf6 16.Qxf6 Nxf6 17.Ne5 Rg8 18.O-O
Rg5 19.f4 Rg7 20.Rd4 Rd8 21.Rfd1 Rd5 22.e4 Nxe4 23.Rxd5 exd5
24.Rxd5 Nf6 25.Rd4 Ke7 26.Kf2 c6 27.Kf3 Nd5 28.g4 Kd6 29.b4 Kc7
30.g5 Kd6 31.Ke4 Re7 32.Kf5 b6 33.h4 c5 34.Rd3 cxb4 35.Ke4 bxa3
36.Rxd5+ Kc7 37.Rd3 b5 38.Rxa3 Kb6 39.f5 b4 40.Rb3 Kb5 41.f6
Re8 42.h5 a5 43.f7 1-0

[Event "DRUGA LIGA CENTRALNE SRBIJE 2012 - Istok"]
[Site "Pozarevac, Hotel DUNAV"]
[Date "2012.09.15"]
[Round "2.48"]
[White "Korbovljanovic, Natasa **"]
[Black "Dubravcic, Nikola **"]
[Result "1-0"]
[WhiteElo "1839"]
[BlackElo "1677"]
[PlyCount "0"]
[EventDate "2012.09.14"]

1.e4 e5 2.Nf3 Nc6 3.Bb5 a6 4.Bxc6 dxc6 5.O-O Bd6 6.h3 Nf6 7.d4
Qe7 8.Re1 O-O 9.Bg5 Bd7 10.Nbd2 c5 11.dxe5 Bxe5 12.Nc4 h6 13.Bh4
g5 14.Ncxe5 gxh4 15.Nxd7 Nxd7 16.Nxh4 Rad8 17.Qh5 Qe6 18.Rad1
Rfe8 19.Rd3 Kh7 20.Nf5 Rg8 21.Red1 Rg5 22.Qxh6+ Qxh6 23.Nxh6
Kxh6 24.Rxd7 Re8 25.f3 Reg8 26.g4 f5 27.exf5 Rxf5 28.Kf2 Rf4
29.Rxc7 Rgf8 30.Rd6+ 1-0